00813nam a2200229 i 45000010005000000030009000050050017000140070003000310080041000340800021000750800022000962450193001182600039003113000022003504900035003726500029004077000027004367000024004637000028004878300035005158520033005505711ES-MaACL20251218180213.0t|890424s1987 sp ||||1| spa d a301.188.1:331.11 a331.11:301.188.1100aNuevos sistemas de producción b: las consecuencias para la formación y el trabajo en la fábrica del futuro / c[dirección, Juan José Castillo, Santiago Castillo, Carlos Prieto]. aMadrid : bSiglo XXI, cD.L. 1987. a191 p. ; c21 cm.1 aSociología del trabajo ; v114aSociología industrial.1 aCastillo, Juan José.1 aCastillo, Santiago.1 aPrieto, Carlos, d1940-0 aSociología del trabajo ; v1 aES-MaACLjL-12622 bR.115954